[Event "Santa Eugenia op 10th"]
[Site "Santa Eugenia"]
[Date "2015.??.??"]
[Round "8"]
[White "Arribas Viera, David"]
[Black "Saurina Suner, Francesc Xavier"]
[Result "1/2-1/2"]
[WhiteElo "1947"]
[BlackElo "2086"]
[PlyCount "74"]
[EventDate "2015.04.17"]
[EventType "swiss"]
[EventRounds "9"]
[EventCountry "ESP"]
[SourceTitle "EXT 2016"]
[Source "ChessBase"]
[SourceDate "2015.10.08"]
[SourceVersion "1"]
[SourceVersionDate "2015.10.08"]
[SourceQuality "1"]

1. d4 d5 2. Nf3 Nf6 3. Bf4 c5 4. e3 Nc6 5. h3 cxd4 6. exd4 Qb6 7. Nc3 a6 8. Rb1 Bf5 9. a3 e6 10. Be2 Be4 11. Be3 Bd6 12. 0-0 Qc7 13. Bd3 Bxd3 14. Qxd3 0-0 15. Rfc1 Na5 16. Nd2 Rac8 17. Na4 Nc4 18. Nxc4 dxc4 19. Qe2 Nd5 20. Bd2 Rfe8 21. Nc3 Nxc3 22. Bxc3 Qc6 23. Re1 Qd5 24. Rbd1 b5 25. Qe4 Qxe4 26. Rxe4 Bc7 27. Kf1 Rcd8 28. d5 Rd7 29. Ke2 e5 30. f4 Red8 31. Bxe5 Bxe5 32. Rxe5 Rd6 33. Kf3 f6 34. Re7 Rxd5 35. Re8+ Rxe8 36. Rxd5 Re1 37. a4 bxa4 1/2-1/2

[Event "Girona op 5th"]
[Site "Girona"]
[Date "2014.07.15"]
[Round "1"]
[White "Arribas Viera, David"]
[Black "Aymerich Verdaguer, Eduard"]
[Result "0-1"]
[WhiteElo "1875"]
[BlackElo "2210"]
[PlyCount "42"]
[EventDate "2014.07.15"]
[EventType "swiss"]
[EventRounds "9"]
[EventCountry "ESP"]
[SourceTitle "EXT 2016"]
[Source "ChessBase"]
[SourceDate "2015.10.08"]
[SourceVersion "1"]
[SourceVersionDate "2015.10.08"]
[SourceQuality "1"]

1. d4 Nf6 2. Nf3 g6 3. Bf4 Bg7 4. e3 d6 5. Be2 0-0 6. h3 c5 7. c3 Qb6 8. Qb3 Nc6 9. Nbd2 Be6 10. dxc5 Qxc5 11. Qb5 Qxb5 12. Bxb5 a6 13. Be2 b5 14. a3 Nd5 15. Bh2 Nb6 16. Nd4 Bd7 17. Bf3 Rac8 18. Nxc6 Bxc6 19. Bxc6 Rxc6 20. Rb1 Nc4 21. Nf3 Nxb2 0-1

[Event "Santa Eugenia op 9th"]
[Site "Santa Eugenia"]
[Date "2014.05.16"]
[Round "4"]
[White "Arribas Viera, David"]
[Black "Garcia Castany, Jose"]
[Result "1-0"]
[WhiteElo "1856"]
[BlackElo "1704"]
[PlyCount "37"]
[EventDate "2014.04.25"]
[EventType "swiss"]
[EventRounds "9"]
[EventCountry "ESP"]
[SourceTitle "EXT 2015"]
[Source "ChessBase"]
[SourceDate "2014.11.20"]
[SourceVersion "1"]
[SourceVersionDate "2014.11.20"]
[SourceQuality "1"]

1. d4 d5 2. Bf4 e6 3. e3 Bd6 4. Bg3 Nf6 5. Nf3 Bxg3 6. hxg3 0-0 7. Bd3 b6 8. Nbd2 Ba6 9. Bxa6 Nxa6 10. Ne5 Qd6 11. c3 Rac8 12. g4 h6 13. Qf3 Nh7 14. e4 c5 15. exd5 exd5 16. Qd3 Nb8 17. f4 Rfe8 18. Ndf3 f6 19. Qg6 1-0

[Event "Girona op-B 4th"]
[Site "Girona"]
[Date "2013.07.21"]
[Round "7"]
[White "Mallol Descarrega, Jordi"]
[Black "Arribas Viera, David"]
[Result "1/2-1/2"]
[WhiteElo "1521"]
[BlackElo "1386"]
[PlyCount "72"]
[EventDate "2013.07.15"]
[EventType "swiss"]
[EventRounds "9"]
[EventCountry "ESP"]
[SourceTitle "EXT 2015"]
[Source "ChessBase"]
[SourceDate "2014.11.20"]
[SourceVersion "1"]
[SourceVersionDate "2014.11.20"]
[SourceQuality "1"]

1. e4 c5 2. Nf3 e6 3. d4 cxd4 4. Nxd4 a6 5. Be2 d6 6. Be3 Nf6 7. Nc3 Bd7 8. 0-0 Nc6 9. f3 g6 10. Nxc6 Bxc6 11. Qd2 Bg7 12. Rfd1 d5 13. Bg5 dxe4 14. Qxd8+ Rxd8 15. Rxd8+ Kxd8 16. Nxe4 Bxe4 17. fxe4 h6 18. Bxf6+ Bxf6 19. Rd1+ Ke7 20. Kf1 Be5 21. h3 Rd8 22. Rxd8 Kxd8 23. b3 Bc3 24. Bf3 Ke7 25. a4 a5 26. Ke2 e5 27. Kd3 Be1 28. Kc4 b6 29. Kd5 f6 30. Kc6 Bf2 31. c3 Ke6 32. b4 f5 33. bxa5 bxa5 34. Kb5 Kd6 35. Kxa5 Kc5 36. c4 Kxc4 1/2-1/2

[Event "Girona op-B 3rd"]
[Site "Girona"]
[Date "2012.07.21"]
[Round "6"]
[White "Bosch Peracaula, Miquel"]
[Black "Arribas Viera, David"]
[Result "1-0"]
[WhiteElo "1543"]
[BlackElo "1368"]
[PlyCount "83"]
[EventDate "2012.07.16"]
[EventType "swiss"]
[EventRounds "9"]
[EventCountry "ESP"]
[SourceTitle "CBM 149 Extra"]
[Source "ChessBase"]
[SourceDate "2012.08.24"]
[SourceVersion "1"]
[SourceVersionDate "2012.08.24"]
[SourceQuality "1"]

1. d4 d5 2. Nc3 Nf6 3. Nf3 e6 4. Bf4 Nbd7 5. Nb5 Bd6 6. Bxd6 cxd6 7. Nxd6+ Ke7 8. Nxc8+ Rxc8 9. e3 a6 10. Be2 b5 11. 0-0 Nb6 12. Ne5 Ne4 13. Bh5 g6 14. Bf3 Nd6 15. Bg4 Nbc4 16. Nd3 Re8 17. b3 Na3 18. Nc5 Qb6 19. Qc1 b4 20. c3 a5 21. cxb4 axb4 22. Qd1 Nb7 23. Nd3 Rc3 24. Rc1 Qc6 25. Nxb4 Qc7 26. Rxc3 Qxc3 27. Nd3 Rc8 28. Qc1 Qxc1 29. Rxc1 Rxc1+ 30. Nxc1 Kd6 31. h4 h6 32. h5 g5 33. f4 f6 34. fxg5 fxg5 35. Nd3 Nd8 36. Ne5 Ke7 37. b4 Nc4 38. Kf2 Nxe5 39. dxe5 Kd7 40. Be2 Nf7 41. a4 Nxe5 42. e4 1-0

[Event "Olot Volcans op 3rd"]
[Site "Olot"]
[Date "2012.06.16"]
[Round "7"]
[White "Garcia Luna, Jose Luis"]
[Black "Arribas Viera, David"]
[Result "0-1"]
[WhiteElo "1700"]
[BlackElo "1753"]
[PlyCount "84"]
[EventDate "2012.05.26"]
[EventType "swiss"]
[EventRounds "8"]
[EventCountry "ESP"]
[SourceTitle "CBM 148 Extra"]
[Source "ChessBase"]
[SourceDate "2012.06.22"]
[SourceVersion "1"]
[SourceVersionDate "2012.06.22"]
[SourceQuality "1"]

1. e4 c5 2. Nf3 e6 3. e5 d5 4. Bb5+ Bd7 5. Bxd7+ Qxd7 6. d3 Nc6 7. Nc3 g6 8. Bg5 Bg7 9. Nb5 Nxe5 10. Nxe5 Bxe5 11. d4 Qxb5 12. dxe5 Qxb2 13. 0-0 Qxe5 14. f4 Qc7 15. Re1 h6 16. Bh4 Qxf4 17. Bg3 Qd4+ 18. Kh1 Qxd1 19. Raxd1 0-0-0 20. Bh4 g5 21. Bf2 b6 22. a4 Kb7 23. Rb1 Rc8 24. a5 Nf6 25. axb6 axb6 26. Rb5 Kc7 27. Bg3+ Kd7 28. Be5 Ke7 29. Rxb6 Rhd8 30. h3 Ne4 31. c4 Nf2+ 32. Kh2 Nd3 33. Re3 Nxe5 34. Rxe5 d4 35. Re1 Rb8 36. Rb5 Rxb5 37. cxb5 Rb8 38. Rb1 c4 39. Rb4 e5 40. Rxc4 Rxb5 41. Rc1 e4 42. Kg3 f5 0-1

[Event "Girona op 1st"]
[Site "Girona"]
[Date "2010.07.13"]
[Round "1"]
[White "Arribas Viera, David"]
[Black "Mayo Casademont, Andreu"]
[Result "0-1"]
[WhiteElo "1381"]
[BlackElo "2018"]
[PlyCount "66"]
[EventDate "2010.07.13"]
[EventType "swiss"]
[EventRounds "9"]
[EventCountry "ESP"]
[SourceTitle "CBM 137 Extra"]
[Source "ChessBase"]
[SourceDate "2010.09.01"]
[SourceVersion "1"]
[SourceVersionDate "2010.09.01"]
[SourceQuality "1"]

1. e4 c5 2. Nc3 Nc6 3. g3 e6 4. Bg2 d5 5. exd5 exd5 6. Nxd5 Be6 7. Nc3 Nf6 8. Nge2 Be7 9. 0-0 0-0 10. d3 Qd7 11. Be3 Bh3 12. Nf4 Bxg2 13. Kxg2 Rad8 14. Qf3 Ne5 15. Qe2 Qc6+ 16. f3 Rfe8 17. Ne4 Nd5 18. Rae1 f5 19. Nxd5 Qxd5 20. Nc3 Qc6 21. Bf4 Ng6 22. Qe6+ Qxe6 23. Rxe6 Nxf4+ 24. gxf4 Bh4 25. Rxe8+ Rxe8 26. Nb5 Re2+ 27. Kh3 Be7 28. Rc1 Kf7 29. Nxa7 Bd6 30. Kg3 g5 31. Kh3 Bxf4 32. Rh1 Rxc2 33. a4 Kg6 0-1